000 01114nac a2200325 a 4500
003 CO-PeBPM
005 20260412195916.0
007 ta
008 260412s2013 ck a|||| |||| 00| 0 spa d
020 _a9588294010
040 _aCO-PeBPM
_bspa
_cCO-PeBPM
_erda
041 _aspa
082 0 4 _a(i) 591.68 R696ac
_222
100 1 _aLucho, Rodríguez
_eautor
245 1 0 _aAnimales en extinción, Colombia
_b: Región del Pacífico
_c/ Lucho Rodríguez; leyendas de Valeria Baena; asesoría científica de Javier Cajiao
250 _acuarta reimpresión
264 _aBogotá, Colombia
_b : Ediciones B
_c, 2013
300 _a28 páginas
_bilustraciones a color
_c23 cm.
336 _2rdacontent
_atexto
_btxt
337 _2rdamedia
_asin mediación
_bn
338 _2rdacarrier
_avolumen
_bnc
490 _aIguana
500 _aIncluye índice y glosario
650 1 7 _aAnimales en extinción - Colombia
_2LEMB
650 1 7 _aAnimales - Colombia
_2LEMB
650 1 7 _aAnimales salvajes
_2LEMB
700 1 _aBaena, Valeria
_eLeyendas
700 1 _aCajiao, Javier
_eAsesoría científica
942 _2ddc
_n0
_cLITA
999 _c107317
_d107317